[Event "AUTO-INT-764"]
[Site "http://www.queenalice.com/game.php?id=341901"]
[Date "2008.1.24"]
[Round "1"]
[White "fredofm"]
[Black "LukeSkywalker"]
[Result "0-1"]
[WhiteElo "1383"]
[BlackElo "1748"]

1. e3 d6 2. d4 Nf6 3. Nf3 c6 4. Nc3 Nbd7 5. Bb5 cxb5 6. Nxb5 a6 7. Nxd6+ exd6 8.
O-O Be7 9. h3 h6 10. g3 Nb6 11. Nh4 Bxh3 12. Re1 Ne4 13. Qd3 d5 14. Nf5 Bxf5 15.
Qb3 Bd7 16. Bd2 Nxd2 17. Qd3 Nf3+ 18. Kf1 Nxe1 19. Kxe1 Bb5 20. Qf5 Qd7 21.
Qxd7+ Kxd7 22. Rd1 h5 23. b3 h4 24. c4 dxc4 25. d5 Bb4+ 26. Kf1 cxb3+ 27. Kg2
bxa2 28. Rh1 Nxd5 29. Rh3 a1=Q 30. gxh4 Bf1+ 31. Kf3 Bxh3 0-1

[Event "AUTO-INT-764"]
[Site "http://www.queenalice.com/game.php?id=341902"]
[Date "2008.1.24"]
[Round "1"]
[White "LukeSkywalker"]
[Black "fredofm"]
[Result "1-0"]
[WhiteElo "1746"]
[BlackElo "1379"]

1. e4 e5 2. Nf3 Nc6 3. d3 Bb4+ 4. c3 Nf6 5. cxb4 Nxb4 6. Nxe5 O-O 7. a3 d6 8.
axb4 Qe8 9. Nf3 d5 10. e5 Nd7 11. d4 b6 12. Qc2 a5 13. Qxc7 Qe7 14. Qd6 Qxd6 15.
exd6 Re8+ 16. Kd1 Bb7 17. bxa5 b5 18. Bxb5 Rad8 19. Bxd7 Rxd7 20. Bf4 Rc8 21.
Re1 f6 22. Nc3 Rdd8 23. Re7 g5 24. Rxb7 gxf4 25. Nxd5 Rxd6 26. Ne7+ Kf8 27. Nxc8
1-0

[Event "YouLoseSorry-2"]
[Site "http://www.queenalice.com/game.php?id=351030"]
[Date "2008.2.8"]
[Round "1"]
[White "cyrilledeLePin"]
[Black "LukeSkywalker"]
[Result "1-0"]
[WhiteElo "1638"]
[BlackElo "1714"]

1. e4 d6 2. d4 Nf6 3. Nc3 Nbd7 4. Bg5 e5 5. dxe5 dxe5 6. Nd5 h6 7. Bxf6 Nxf6 8.
Nf3 Nxd5 9. exd5 f6 10. Bb5+ Bd7 11. c4 Bxb5 12. cxb5 Bb4+ 13. Ke2 O-O 14. d6
Qxd6 15. Qb3+ Kh7 16. Rhd1 Qe7 17. Qd3+ g6 18. Qd7 Rf7 19. Qh3 Qc5 20. a3 Qc2+
21. Nd2 Bxd2 22. Rxd2 Qc4+ 23. Qd3 Qxd3+ 24. Rxd3 e4 25. Rd4 Re8 26. Rad1 Kg7
27. Rd7 f5 28. Rxf7+ Kxf7 29. Rd7+ Re7 30. Rd8 Re5 31. a4 a5 32. bxa6 bxa6 33.
Ra8 Re6 34. Ra7 Rc6 35. b4 Ke6 36. b5 axb5 37. axb5 Rc2+ 38. Ke3 Ke5 39. f4+ Kd5
40. Ra5 Rxg2 41. b6+ Kc6 42. bxc7 Kxc7 43. h4 h5 44. Ra6 Rg4 45. Ra7+ 1-0

[Event "Let's Play Chess!"]
[Site "http://www.queenalice.com/game.php?id=360030"]
[Date "2008.2.24"]
[Round "-"]
[White "LukeSkywalker"]
[Black "InsaneCannibalElf"]
[Result "1-0"]
[WhiteElo "1716"]
[BlackElo "1563"]

1. e4 e5 2. Nf3 Nc6 3. d3 Nf6 4. Nbd2 Bc5 5. h3 d6 6. c3 d5 7. Qc2 Be6 8. Be2
O-O 9. Nf1 d4 10. g4 a6 11. Ng3 1-0

[Event "Guerras Clônicas!!"]
[Site "http://www.queenalice.com/game.php?id=370846"]
[Date "2008.3.14"]
[Round "-"]
[White "Daimonlex"]
[Black "LukeSkywalker"]
[Result "1-0"]
[WhiteElo "1691"]
[BlackElo "1729"]

1. d4 d6 2. c4 Nf6 3. Nc3 Nbd7 4. e4 e5 5. Nf3 c6 6. b3 Qc7 7. Bb2 Be7 8. d5 h6
9. Be2 Nf8 10. O-O g5 11. Qc2 Ng6 12. Rad1 Nf4 13. Rfe1 Bd7 14. g3 Qc8 15. gxf4
gxf4 16. Kh1 Bh3 17. Rg1 Ng4 18. Bf1 1-0

[Event "AUTO-INT-764"]
[Site "http://www.queenalice.com/game.php?id=486059"]
[Date "2008.10.31"]
[Round "2"]
[White "LukeSkywalker"]
[Black "oggie"]
[Result "1-0"]
[WhiteElo "1824"]
[BlackElo "1935"]

1. e4 c5 2. d3 d6 3. Nf3 Nf6 4. Nbd2 g6 5. c3 Bg7 6. Qc2 O-O 7. Be2 Nc6 8. h3
Be6 9. Nf1 Rc8 10. g4 Qa5 11. Bd2 Nd7 12. Ng3 Nde5 13. c4 Nxf3+ 14. Bxf3 Qb6 15.
Bc3 Nd4 16. Bxd4 Bxd4 17. Rb1 Qa5+ 18. Ke2 a6 19. a3 b5 20. cxb5 axb5 21. Qd2
Qxd2+ 22. Kxd2 Bxf2 23. Ne2 Bh4 24. b4 Bg5+ 25. Kc3 c4 26. d4 Ra8 27. Ra1 Ra7
28. Ra2 Rfa8 29. Rha1 Ra4 30. e5 d5 31. Kb2 Be3 32. Rd1 Rc8 33. Nc3 Ra6 34. Nxb5
Bd7 35. Nc3 Ba4 36. Nxa4 Rxa4 37. Kc3 e6 38. b5 Rb8 39. Rb1 Bg5 40. Rb4 Ra5 41.
a4 Be7 42. Rb1 Rba8 43. Bd1 Bd8 44. b6 Rb8 45. Rab2 Ra6 46. b7 Ra7 47. Kd2 Kf8
48. Bc2 Ke7 49. Rb5 Kd7 50. Rf1 Ke7 51. Rfb1 Ke8 52. Ke2 f6 53. exf6 Bxf6 54.
Ke3 Kd7 55. Rb6 Bd8 56. R6b5 Kc7 57. Rc5+ Kd7 58. Rcb5 Bg5+ 59. Kf3 Bd2 60. h4
Bc3 61. Ke3 Ba5 62. Rf1 Raxb7 63. Rxa5 Ke7 64. Kd2 Rb2 65. Ra7+ R2b7 66. Rxb7+
Rxb7 67. Rb1 Ra7 68. Kc3 Kd6 69. Rb6+ Kd7 70. Kb4 Ke7 71. a5 Kd7 72. a6 Rc7 73.
Bxg6 hxg6 74. Rb7 Rxb7+ 75. axb7 Kc7 76. h5 gxh5 77. gxh5 Kxb7 78. h6 e5 79.
dxe5 Kc7 80. h7 d4 81. Kxc4 d3 82. Kxd3 Kd7 83. h8=Q Ke6 84. Qf6+ Kd7 85. Qd6+
Ke8 86. Qc7 Kf8 87. Qh7 Ke8 88. e6 Kd8 89. Qd7# 1-0

[Event "AUTO-INT-764"]
[Site "http://www.queenalice.com/game.php?id=486060"]
[Date "2008.10.31"]
[Round "2"]
[White "oggie"]
[Black "LukeSkywalker"]
[Result "0-1"]
[WhiteElo "1948"]
[BlackElo "1766"]

1. e4 d6 2. d4 Nf6 3. Nc3 Nbd7 4. f4 c6 5. Nf3 Qc7 6. Bc4 h6 7. O-O e5 8. dxe5
dxe5 9. fxe5 Nxe5 10. Nxe5 Qxe5 11. Bf4 Qc5+ 12. Kh1 Qxc4 13. Bc7 Bd7 14. Qd2
Rc8 15. Be5 Nxe4 16. Nxe4 Qd5 17. Qd4 f6 18. c4 Qxe5 19. Rad1 Qxd4 20. Rxd4 f5
21. Nd6+ Bxd6 22. Rxd6 Ke7 23. Rfd1 Be6 24. c5 Rhd8 25. Kg1 Rxd6 26. Rxd6 Bxa2
27. Kf2 Rd8 28. Rxd8 Kxd8 29. Kf3 Ke7 30. Kf4 Ke6 31. b4 g5+ 32. Kf3 Kd5 33. h4
gxh4 34. Kf4 Bb1 35. Kf3 Kc4 36. Kf2 Kxb4 37. Kg1 Kxc5 38. Kh2 b5 39. Kh3 b4 40.
Kxh4 b3 41. Kh5 b2 42. Kxh6 Be4 43. Kg5 b1=Q 44. Kf4 Qf1+ 45. Kg3 a5 46. Kh4
Qxg2 47. Kh5 Qg7 48. Kh4 Qg4# 0-1

[Event "coyote78"]
[Site "http://www.queenalice.com/game.php?id=559249"]
[Date "2009.3.21"]
[Round "1"]
[White "LukeSkywalker"]
[Black "coyote78"]
[Result "1-0"]
[WhiteElo "1804"]
[BlackElo "1897"]

1. e4 e6 2. Nf3 d5 3. d3 Nc6 4. Nbd2 Bc5 5. c3 f6 6. d4 Bd6 7. Bd3 dxe4 8. Nxe4
e5 9. O-O Nge7 10. Qb3 Nf5 11. Re1 Qe7 12. Bf4 b6 13. Nxd6+ cxd6 14. Qd5 Bd7 15.
dxe5 dxe5 16. Bxe5 fxe5 17. Bxf5 Rd8 18. Nxe5 Bxf5 19. Nxc6 Rxd5 20. Nxe7 Ra5
21. Ng6+ Be6 22. Nxh8 Ke7 23. Rad1 Rxa2 24. Rd5 Rxb2 25. Rde5 1-0

[Event "coyote78"]
[Site "http://www.queenalice.com/game.php?id=559256"]
[Date "2009.3.21"]
[Round "2"]
[White "goldwing"]
[Black "LukeSkywalker"]
[Result "0-1"]
[WhiteElo "1759"]
[BlackElo "1789"]

1. e4 d6 2. Bc4 Nf6 3. Nc3 Nbd7 4. d4 e5 5. d5 c6 6. dxc6 bxc6 7. Nf3 h6 8. Be3
Qc7 9. a4 Rb8 10. Ra2 Be7 11. O-O Nf8 12. a5 Ne6 13. Bxe6 Bxe6 14. b3 d5 15.
exd5 cxd5 16. Bc1 e4 17. Nd4 Qxc3 18. Bb2 Qc7 19. c3 Ng4 20. Re1 Qxh2+ 21. Kf1
Qh1+ 22. Ke2 Qxg2 23. Kd2 Nxf2 24. Qe2 Bg4 25. Qf1 e3+ 26. Kxe3 Bg5# 0-1

[Event "Challenge"]
[Site "http://www.queenalice.com/game.php?id=627115"]
[Date "2009.7.30"]
[Round "-"]
[White "woinic"]
[Black "LukeSkywalker"]
[Result "0-1"]
[WhiteElo "1867"]
[BlackElo "1844"]

1. c4 e5 2. g3 Nc6 3. Bg2 Nf6 4. Nc3 Bc5 5. e3 d6 6. Nge2 O-O 7. a3 Bf5 8. O-O
Bd3 9. b3 Qd7 10. Re1 Qf5 11. Nd5 Bc2 0-1

[Event "Challenge"]
[Site "http://www.queenalice.com/game.php?id=627116"]
[Date "2009.7.30"]
[Round "-"]
[White "LukeSkywalker"]
[Black "woinic"]
[Result "1-0"]
[WhiteElo "1875"]
[BlackElo "1864"]

1. e4 c6 2. Nf3 d5 3. e5 Bf5 4. Nd4 Bg6 5. Be2 e6 6. O-O Ne7 7. Nb3 Nd7 8. d4 c5
9. dxc5 Nxe5 10. Nc3 N7c6 11. f4 Nd7 12. Be3 Be7 13. Nxd5 exd5 14. f5 Qc7 15.
fxg6 hxg6 16. Bf4 Nce5 17. Qxd5 O-O-O 18. Rae1 f6 19. Bg4 Kb8 20. Bxd7 Rxd7 21.
Bxe5 fxe5 22. Qxe5 Bf6 23. Qxc7+ Kxc7 24. c3 Rh5 25. Re4 Rf5 26. Rxf5 gxf5 27.
Re1 Re7 28. Rxe7+ Bxe7 29. Kf2 Kd7 30. Ke3 Kc6 31. Kf4 g6 32. Ke5 Kd7 33. Kd5
Bd8 34. Nd4 Bg5 35. c6+ 1-0

[Event "coyote78"]
[Site "http://www.queenalice.com/game.php?id=792399"]
[Date "2010.6.19"]
[Round "5"]
[White "Canaye"]
[Black "LukeSkywalker"]
[Result "0-1"]
[WhiteElo "1857"]
[BlackElo "1931"]

1. d4 Nf6 2. c4 e6 3. Nc3 Bb4 4. Qc2 O-O 5. e4 d5 6. cxd5 exd5 7. exd5 Re8+ 8.
Be2 Qxd5 9. Nf3 Bf5 10. Qb3 Qxb3 11. axb3 Nc6 12. Be3 Nd5 13. Kd2 Na5 14. Bc4
Nb6 15. Ra4 Naxc4+ 16. bxc4 Nxa4 17. Ne5 Nxb2 18. g4 Be4 19. Rf1 f6 20. Nd7
Nxc4+ 0-1